Jeopardy facts IMPROVED Quiz Stats

 Plays Quiz not verified by Sporcle

Challenge
Share
Tweet
Embed
Score 0/9 Timer 08:00
0 Plays Today
Clue What is... % Correct
Who is the host of Jeopardy?Alex Trebek
94.1%
What contestent won the most amount of money ever?Ken Jennings
70.4%
How long has he been the host?26 years
43%
How many games was he the reigning champ?75
28.9%
What is the lowest amount of money that anyone has ever won with?$1
23.7%
Who ended Jennings winning streak?Nancy Zerg
11.9%
How much did he win?$2,522,700
4.4%
How many calender days was Jennings the champ?182
3.7%
When did he shave his mustache that he had for over 30 years?April Fools Day 2008
3%

You're not logged in!

Compare scores with friends on all Sporcle quizzes.
Join for Free
OR
Log In

You Might Also Like...

Show Comments

Extras

Created May 25, 2010ReportNominate
Tags:jeopardy

Top Quizzes Today


Score Distribution

Your Account Isn't Verified!

In order to create a playlist on Sporcle, you need to verify the email address you used during registration. Go to your Sporcle Settings to finish the process.

Report this User

Report this user for behavior that violates our Community Guidelines.

Details: